000
00288nam a22001337a 4500
008
190305b xxu||||| |||| 00| 0 eng d
020
_a
9780812216561
041
_a
eng
080
_a
610.73
100
_a
1
101
_a
INF
245
_a
The First Crusade
_c
Peters, E
942
_2
udc
_c
BK
999
_c
54512
_d
54512